00356nam a2200133 a 45000010010000000030011000100080041000210350026000620820014000881000018001022450030001202600059001506500013002090000-8624ELIB.Books110520 1960  a(ELIB.Books)0000-8770 a230 bRam aRamm, Bernard aThe Witness of the Spirit bGrand Rapids: Wm .B.Eerdmans Publishing Company c1960 aTheology